| 000 | 00487cam a2200181ua 4500 | ||
|---|---|---|---|
| 001 | 11189 | ||
| 008 | 190903n ii |||gr||||Z||||||asm | ||
| 040 | _cMAIN | ||
| 082 | _a491.451 | ||
| 100 |
_aShri Padmaram Haloi, _eAuthor., |
||
| 245 |
_aAxomiya matribhakha hikhyon _cBy Shri Padmaram Haloi |
||
| 250 | _a1st ed. | ||
| 260 |
_aRangia: _bBikash Prakashan, _c2005. |
||
| 300 | _a240p. | ||
| 653 | _aEast Indo-European & Celtic languages | ||
| 653 | _aAssamese Language | ||
| 942 | _cBK | ||
| 999 |
_c10052 _d10052 |
||